000 00584nam a2200169Ia 4500
008 090711s9999 xx 000 0 und d
082 _b56540
100 _aबनारसे वि. ब.
245 _aधुक्यापलिकडे उभी मैथिली
260 _c1987
300 _a155
600 _aबनारसे वि. ब.
630 _aधुक्यापलिकडे उभी मैथिली
700 _aबनारसे वि. ब.
730 _aधुक्यापलिकडे उभी मैथिली
942 _cBOOK
999 _c303214
_d303214